00713nam a2200241 a 4500001001300000003000900013005001700022008004100039020002300080082001800103100002100121245003500142260004600177300000900223500003500232505001100267650002300278700002100301902000800322942000700330952011900337999001500456nice12345678IN_TiNIC20260116012657.0050524s1983 dela grp 000 0 eng  a052127 c10000a297.1977bPIS aPiscatori, James aIslam in the Political Process aDelhi bCambridge University Press c1983 a239p aincludes index and biblioraphy2 aIndedx aIslam and Politics1 aPiscatori, James bSRS cBK 001040708StackRoom-aHMIbHMId2007-07-03g100.00l0o297.1977 PISp010778r2007-07-03v100.00w2005-05-24yBK c7905d7905